Business Correspondence and Report Writing (Record no. 5785)

MARC details
000 -LEADER
fixed length control field 00312nam a2200133Ia 4500
008 - FIXED-LENGTH DATA ELEMENTS--GENERAL INFORMATION
fixed length control field 191201s2012 xx 000 0 und d
100 ## - MAIN ENTRY--PERSONAL NAME
Personal name SHARMA, RC
245 #0 - TITLE STATEMENT
Title Business Correspondence and Report Writing
250 ## - EDITION STATEMENT
Edition statement Rep
260 ## - PUBLICATION, DISTRIBUTION, ETC. (IMPRINT)
Place of publication, distribution, etc N. Delhi
Name of publisher, distributor, etc TMH
Date of publication, distribution, etc 2012
300 ## - PHYSICAL DESCRIPTION
Extent 415
650 ## - SUBJECT ADDED ENTRY--TOPICAL TERM
Topical term or geographic name as entry element BBA
942 ## - ADDED ENTRY ELEMENTS (KOHA)
Source of classification or shelving scheme Dewey Decimal Classification
Koha item type Text Books
Holdings
Withdrawn status Lost status Source of classification or shelving scheme Damaged status Not for loan Collection code Home library Current library Date acquired Source of acquisition Cost, normal purchase price Bill Number Total Checkouts Full call number Acc. no. / Barcode Date last seen Bill Date Koha item type Date last borrowed
    Dewey Decimal Classification     BBA PIET C-LIBRARY PIET C-LIBRARY 28/11/2013 IBH, New Delhi 450.00 15735   651.75 SHB 22905 04/12/2019 26/11/2013 Text Books  
    Dewey Decimal Classification     BBA PIET C-LIBRARY PIET C-LIBRARY 28/11/2013 IBH, New Delhi 450.00 15735 1 658.45 SHB 22906 15/07/2024 26/11/2013 Text Books 11/07/2024
    Dewey Decimal Classification     BBA PIET C-LIBRARY PIET C-LIBRARY 28/11/2013 IBH, New Delhi 450.00 15735 1 658.45 SHB 22907 15/07/2024 26/11/2013 Text Books 11/07/2024
    Dewey Decimal Classification     BBA PIET C-LIBRARY PIET C-LIBRARY 28/11/2013 IBH, New Delhi 450.00 15735   658.45 SHB 22908 04/12/2019 26/11/2013 Text Books  
    Dewey Decimal Classification     BBA PIET C-LIBRARY PIET C-LIBRARY 28/11/2013 IBH, New Delhi 450.00 15735 1 658.45 SHB 22909 20/08/2024 26/11/2013 Text Books 20/08/2024

Design & Developed by: PIET Central Library
R70 Miles Stone Pattikalyana Samalkha Panipat 132102
mail ID :- [email protected], Phone No:- 0180-2569700 Ex.216